云南省县级行政区 - Statistics

General Stats
  • This quiz has been taken 41 times
  • The average score is 86 of 129
Answer Stats
Hint Answer % Correct
市辖区 东川区
96%
楚雄州 楚雄市
96%
迪庆州 香格里拉市
96%
大理州 大理市
96%
保山市 腾冲市
92%
西双版纳州 勐腊县
92%
昆明市 安宁市
88%
红河州 蒙自市
88%
红河州 个旧市
88%
文山州 文山市
88%
德宏州 芒市
88%
西双版纳州 景洪市
88%
西双版纳州 勐海县
88%
市辖区 官渡区
84%
昆明市 石林彝族自治县
84%
曲靖市 宣威市
84%
怒江州 泸水市
84%
丽江市 古城区
84%
市辖区 西山区
80%
市辖区 呈贡区
80%
玉溪市 澄江市
80%
红河州 红河县
80%
红河州 开远市
80%
红河州 弥勒市
80%
德宏州 瑞丽市
80%
普洱市 思茅区
80%
昭通市 昭阳区
80%
市辖区 晋宁区
76%
昆明市 禄劝彝族苗族自治县
76%
曲靖市 沾益区
76%
玉溪市 红塔区
76%
玉溪市 元江哈尼族彝族傣族自治县
76%
楚雄州 元谋县
76%
楚雄州 禄丰市
76%
红河州 河口瑶族自治县
76%
文山州 砚山县
76%
文山州 丘北县
76%
丽江市 玉龙纳西族自治县
76%
大理州 祥云县
76%
曲靖市 马龙区
72%
楚雄州 双柏县
72%
楚雄州 姚安县
72%
楚雄州 大姚县
72%
红河州 绿春县
72%
红河州 建水县
72%
文山州 麻栗坡县
72%
怒江州 兰坪白族普米族自治县
72%
丽江市 华坪县
72%
大理州 鹤庆县
72%
大理州 剑川县
72%
市辖区 五华区
68%
昆明市 宜良县
68%
曲靖市 麒麟区
68%
曲靖市 罗平县
68%
曲靖市 会泽县
68%
玉溪市 江川区
68%
红河州 元阳县
68%
红河州 金平苗族瑶族傣族自治县
68%
怒江州 贡山独龙族怒族自治县
68%
丽江市 宁蒗彝族自治县
68%
大理州 漾濞彝族自治县
68%
保山市 隆阳区
68%
普洱市 墨江哈尼族自治县
68%
普洱市 景谷傣族彝族自治县
68%
普洱市 澜沧拉祜族自治县
68%
昭通市 巧家县
68%
昆明市 寻甸回族彝族自治县
64%
曲靖市 师宗县
64%
玉溪市 新平彝族傣族自治县
64%
红河州 石屏县
64%
红河州 屏边苗族自治县
64%
文山州 马关县
64%
文山州 广南县
64%
文山州 富宁县
64%
迪庆州 德钦县
64%
怒江州 福贡县
64%
丽江市 永胜县
64%
大理州 巍山彝族回族自治县
64%
大理州 洱源县
64%
德宏州 盈江县
64%
临沧市 云县
64%
临沧市 耿马傣族佤族自治县
64%
临沧市 沧源佤族自治县
64%
普洱市 景东彝族自治县
64%
昭通市 水富市
64%
市辖区 盘龙区
60%
玉溪市 通海县
60%
玉溪市 峨山彝族自治县
60%
楚雄州 牟定县
60%
楚雄州 南华县
60%
楚雄州 永仁县
60%
楚雄州 武定县
60%
迪庆州 维西傈僳族自治县
60%
临沧市 临翔区
60%
临沧市 双江拉祜族佤族布朗族傣族自治县
60%
普洱市 宁洱哈尼族彝族自治县
60%
普洱市 西盟佤族自治县
60%
昭通市 镇雄县
60%
昭通市 彝良县
60%
昆明市 嵩明县
56%
玉溪市 华宁县
56%
红河州 泸西县
56%
文山州 西畴县
56%
大理州 云龙县
56%
大理州 永平县
56%
保山市 龙陵县
56%
大理州 宾川县
52%
大理州 南涧彝族自治县
52%
保山市 施甸县
52%
临沧市 凤庆县
52%
普洱市 江城哈尼族彝族自治县
52%
普洱市 孟连傣族拉祜族佤族自治县
52%
昭通市 鲁甸县
52%
曲靖市 富源县
48%
玉溪市 易门县
48%
大理州 弥渡县
48%
德宏州 梁河县
48%
昭通市 盐津县
48%
昭通市 大关县
48%
昭通市 永善县
48%
昭通市 威信县
48%
曲靖市 陆良县
44%
德宏州 陇川县
44%
临沧市 镇康县
44%
昭通市 绥江县
44%
昆明市 富民县
40%
保山市 昌宁县
40%
临沧市 永德县
40%
普洱市 镇沅彝族哈尼族拉祜族自治县
40%
No matching quizzes found
Score Distribution
Percent of People with Each Score
Percentile by Number Answered
Your Score History
You have not taken this quiz